History of the corps of engineers Pakistan army (Record no. 542697)

000 -LEADER
fixed length control field 00613nam a22001817a 4500
082 ## - DEWEY DECIMAL CLASSIFICATION NUMBER
Classification number 358.295491
Author Mark PAK
-- L-30-II, P-168
100 ## - MAIN ENTRY--PERSONAL NAME
Personal name Beg Mirza Aslam.,
9 (RLIN) 37978
245 ## - TITLE STATEMENT
Title History of the corps of engineers Pakistan army
Remainder of title Mirza Aslam Beg.,
260 ## - PUBLICATION, DISTRIBUTION, ETC.
Place of publication, distribution, etc. Rawalpindi :
Name of publisher, distributor, etc. The Army Press (Regd)
Date of publication, distribution, etc. c1989.
300 ## - PHYSICAL DESCRIPTION
Extent 349 p.:
Other physical details ill.;
526 ## - STUDY PROGRAM INFORMATION NOTE
Program name 0
Interest level 0
Reading level 0
Title point value 358_295491000000000_PAK
526 ## - STUDY PROGRAM INFORMATION NOTE
Program name 0
Interest level 0
Reading level 0
Title point value 358_295491000000000_PAK
526 ## - STUDY PROGRAM INFORMATION NOTE
Program name 0
Interest level 0
Reading level 0
Title point value 358_295491000000000_PAK
526 ## - STUDY PROGRAM INFORMATION NOTE
Program name 0
Interest level 0
Reading level 0
650 ## - SUBJECT ADDED ENTRY--TOPICAL TERM
Topical term or geographic name entry element History of the corps of engineers
General subdivision Pakistan Army
9 (RLIN) 37979
650 ## - SUBJECT ADDED ENTRY--TOPICAL TERM
Topical term or geographic name entry element MCE
9 (RLIN) 379
942 ## - ADDED ENTRY ELEMENTS (KOHA)
Source of classification or shelving scheme
Koha item type Book
Holdings
Withdrawn status Lost status Source of classification or shelving scheme Damaged status Not for loan Permanent Location Current Location Date acquired Total Checkouts Full call number Barcode Date last seen Date last checked out Price effective from Koha item type
          Military College of Engineering (MCE) Military College of Engineering (MCE) 02/11/2014 2 358.295491 PAK MCE-41139 08/21/2020 04/30/2020 02/11/2014 Book
          Military College of Engineering (MCE) Military College of Engineering (MCE) 02/11/2014 1 358.295491 PAK MCE-41140 07/20/2020 03/24/2020 02/11/2014 Book
          Military College of Engineering (MCE) Military College of Engineering (MCE) 02/11/2014   358.295491 PAK MCE-22358 02/11/2014   02/11/2014 Book
          Military College of Engineering (MCE) Military College of Engineering (MCE) 12/09/2020 1 358.295491 PAK MCE-MCELIB01 12/09/2020 12/09/2020 03/14/2021 Book
© 2023 Central Library, National University of Sciences and Technology. All Rights Reserved.